Polymer processing fundamentals /
Guardado en:
| Autor Principal: | |
|---|---|
| Formato: | Libro |
| Idioma: | English |
| Publicado: |
Munich : Cincinnati :
Hanser ; Hanser/Gardner Publications,
c1998.
|
| Materias: | |
| Etiquetas: |
Agregar Etiqueta
Sin Etiquetas, Sea el primero en etiquetar este registro!
|
| LEADER | 00920pam a22002535a 4500 | ||
|---|---|---|---|
| 001 | EIQ.libpla003620 | ||
| 008 | 980630s1998####gw#ao####b####001#0#eng#d | ||
| 005 | 20080220171454.0 | ||
| 245 | 1 | 0 | |a Polymer processing fundamentals / |c Tim A. Osswald. |
| 260 | |a Munich : |b Hanser ; |a Cincinnati : |b Hanser/Gardner Publications, |c c1998. | ||
| 300 | |a xv, 229 p. : |b il., fotos ; |c 23 cm. | ||
| 504 | |a Incluye referencias bibliográficas e índice. | ||
| 020 | |a 3446195718 (pbk.) | ||
| 020 | |a 1569902623 (Hanser/Gardner : pbk.) | ||
| 100 | 1 | |a Osswald, Tim A. | |
| 082 | 0 | 0 | |a 668.4 |2 21 |
| 650 | 4 | |a Plásticos |x Procesamiento. | |
| 650 | 4 | |a Polímeros |x Procesamiento. | |
| 650 | 4 | |a Plastics |x Processing. | |
| 650 | 4 | |a Polymers |x Processing. | |
| 010 | |a 98033644 | ||
| 040 | |a DLC |c DLC |d AR-BbSID | ||
| 859 | |a AR-BbSID |b BIB. PLAPIQUI |h 668.4 |i Os 1 |p 5049 |t Ej. 1 |v Ej. 1 | ||
| 859 | |a AR-BbSID |b BIB. PLAPIQUI |h 668.4 |i Os 1 |p 5241 |t Ej. 2 |v Ej. 2 | ||
